Higher Secondary Accountancy (Record no. 3563)

MARC details
000 -LEADER
fixed length control field 00383nam a22001577a 4500
005 - DATE AND TIME OF LATEST TRANSACTION
control field 20180607145826.0
008 - FIXED-LENGTH DATA ELEMENTS--GENERAL INFORMATION
fixed length control field 160622b xxu||||| |||| 00| 0 eng d
041 ## - LANGUAGE CODE
Language code of text/sound track or separate title eng
082 ## - DEWEY DECIMAL CLASSIFICATION NUMBER
Item number 9026
Classification number 657
100 ## - MAIN ENTRY--AUTHOR NAME
Personal name Giri, Prof Mrityunjoy
245 ## - TITLE STATEMENT
Title Higher Secondary Accountancy
260 ## - PUBLICATION, DISTRIBUTION, ETC. (IMPRINT)
Name of publisher Parul Prakashion
Year of publication 2008
300 ## - PHYSICAL DESCRIPTION
Number of Pages 16.112
650 ## - SUBJECT ADDED ENTRY--TOPICAL TERM
Topical Term Management
942 ## - ADDED ENTRY ELEMENTS (KOHA)
Koha item type Books
Holdings
Lost status Damaged status Collection code Home library Current library Shelving location Date acquired Cost, normal purchase price Full call number Accession Number Koha item type
    MANAGEMENT JRU Library JRU Library SHELF-70 J 22/06/2016 267.00 657 9026 Books
    MANAGEMENT JRU Library JRU Library SHELF-70 J 22/06/2016 267.00 657 9027 Books
    MANAGEMENT JRU Library JRU Library SHELF-70 J 22/06/2016 267.00 657 9028 Books
    Reference JRU Library   SHELF-28-I 22/06/2016 267.00 657 9029 Books